000 00688nam a2200205Ia 4500
003 GCL
005 20240530104924.0
008 140319s9999 xx 000 0 ara d
040 _aGCL /
_cGCL
082 0 4 _a953.082
_bق/م م
100 1 _aمحمد فتحى الشاعر
245 1 0 _aمصر قاهرة المغول فى عين جالوت /
_cمحمد فتحى الشاعر
260 _bدار المعارف ،
_c1995
300 _a123 ص؛
_c24 سم
650 0 4 _aالتاريخ الاسلامى
650 0 4 _aالمغول والتتار
650 0 4 _aمعركة عين جالوت
650 0 4 _aمصر - تاريخ - عصر المماليك ( 1250-1517 م )
942 _2ddc
_cBK
999 _c51790
_d51790